Crisis del sistema, crisis del periodismo: contexto estructural y deseos de cambio
Gardado en:
| Autor Principal: | |
|---|---|
| Formato: | Libro |
| Idioma: | Lingua castelá |
| Publicado: |
Barcelona
Gedisa S. A
2015
|
| Edición: | 1a. ed |
| Series: | Comunicación, 57
|
| Subjects: | |
| Tags: |
Engadir etiqueta
Sen Etiquetas, Sexa o primeiro en etiquetar este rexistro!
|
MARC
| LEADER | 00000cam a2200000 a 4500 | ||
|---|---|---|---|
| 001 | UCC5918 | ||
| 003 | CL-VaPUC | ||
| 008 | 181109e20150000sp |||||||||||||||||spa|d | ||
| 020 | |a 9788497849111 | ||
| 082 | 0 | 4 | |a 070.4 |b REI |2 21 |
| 100 | 0 | |a Reig, Ramón |e author |9 600352 | |
| 245 | 1 | 0 | |a Crisis del sistema, crisis del periodismo: contexto estructural y deseos de cambio |
| 250 | |a 1a. ed | ||
| 300 | |a 280 p | ||
| 942 | |c BK | ||
| 945 | |d 20181109 15:19:00 |a dcastane | ||
| 260 | |a Barcelona |b Gedisa S. A |c 2015 | ||
| 650 | 0 | |a Periodismo |9 310113 | |
| 583 | |a last modification |c 20181109 15:19:00 |k Rodrigo Vera | ||
| 490 | 0 | |a Comunicación, 57 | |
| 999 | |c 373021 |d 373019 | ||
| 952 | |0 0 |1 0 |3 erb |4 0 |6 070_400000000000000_REI_2015 |7 0 |8 A |9 490934 |a BIBCUR |b BIBCUR |i 551228K |l 1 |o 070.4 REI 2015 |p 551228K |r 2025-04-22 |s 2023-06-27 |w 2019-11-24 |y BK |z Catalogado en:20181109 |k PER | ||